Historia social y política de Alemania: 1800-1950

Uloženo v:
Podrobná bibliografie
Hlavní autor: Ramos Oliveira, Antonio (Autor)
Médium: Kniha
Jazyk:španělština
Vydáno: Ciudad de México Fondo de Cultura Económica 1952
Vydání:1a. ed
Edice:Breviarios, 71
Témata:
Tagy: Přidat tag
Žádné tagy, Buďte první, kdo vytvoří štítek k tomuto záznamu!

MARC

LEADER 00000cam a2200000 a 4500
001 UCE6366
003 CL-VaPUC
008 150409e19520000mx |||||||||||||||||spa|d
082 0 4 |a 943.06  |b RAM  |2 21 
100 0 |a Ramos Oliveira, Antonio  |e author  |9 579025 
245 1 0 |a Historia social y política de Alemania: 1800-1950 
250 |a 1a. ed 
300 |a 322 p 
942 |c BK 
945 |d 20150409 10:07:00  |a dcastane 
260 |a Ciudad de México  |b Fondo de Cultura Económica  |c 1952 
650 0 |a Historia de Alemania  |9 431857 
650 7 |a HISTORIA DE EUROPA SIGLO 19  |2 CL-VaPUC  |9 318727 
650 7 |a HISTORIA DE EUROPA SIGLO 20  |2 CL-VaPUC  |9 319599 
583 |a last modification  |c 20150409 10:07:00  |k Rodrigo Vera 
490 0 |a Breviarios, 71 
999 |c 358698  |d 358696 
952 |0 0  |1 0  |3 erd  |4 0  |6 943_060000000000000_RAM_1952  |7 0  |8 A  |9 467571  |a BIBHIS  |b BIBHIS  |i 5158982  |o 943.06 RAM 1952  |p 5158982  |r 2025-01-20  |w 2019-11-23  |y BK  |z Catalogado en:20150409  |k HIS